00440nam a2200145Ia 4500008004100000020001800041082001600059100002200075245002400097260001000121500001100131942000700142952013000149999001500279260604s9999 xx 000 0 und d a9780143471004 a891.433 KAU aManav kaul935935 0aA Temple of No Gods bEBURY aTemple cBK 00104070aIIMVbIIMVcGENERALd2026-06-04g499.00l0o891.433 KAUp004393r2026-06-04 10:21:35v499.00w2026-06-04yBKBKAU c8775d8775